000 00353nam a2200133 i 4500
001 bg
245 0 _aChemia środków ochrony roślin :
_bI Konferencja Naukowa, Międzygórze, 2-4.09.1976.
260 _aWrocław,
_c1976.
040 _cBPK
041 _apol
080 _a632.95:547](061.3)
942 _cKS
008 s pl f |000 0 pol
999 _c16980
_d16980
856 _uhttp://koha.tu.koszalin.pl/cgi-bin/koha/opac-detail.pl?biblionumber=16980
_yKatalog online BPK